000 00687nam a2200193Ii 4500
003 JO-AjNU
008 230605s9999||||xx |||||||||||||| ||und||
040 _aJO-AjNU
_bara
_erda
_cJO-AjNU
041 _aara
050 1 4 _aPJ6151.D8488 1987
100 3 _aتحقيق الدليمي،محمد جاسم,
_eauthor
_912928
245 0 0 _aتقريب المقرب في النحو
264 3 1 _aبيروت: مؤسسة دار الندوة الجديدة للطباعة والنشر والتوزيع،1987
300 _a263ص
336 _atext
_btxt
_2rdacontent
337 _aunmediated
_bn
_2rdamedia
338 _avolume
_bnc
_2rdacarrier
650 4 _aاللغة العربية-النحو
_912929
999 _aA3085
_c6653
_d6653